ბათუმის შოთა რუსთაველის სახელმწიფო უნივერსიტეტის ბიბლიოთეკა

უფროსი ედა : (ბიბ.ჩანაწერი № 56008)

000 -ლიდერი
ფიქსირებული სიგრძის საკონტროლო ველი 01378nam a2200241Ia 4500
001 - საკონტროლო ნომერი
საკონტროლო ველი 23108
003 - საკონტროლო ნომრის იდენტიფიკატორი
საკონტროლო ველი GE_BSU
005 - ბოლო ოპერაციის თარიღი და დრო
საკონტროლო ველი 20230712103320.0
008 - ფიქსირებული სიგრძის მონაცემთა ელემენტები - ზოგადი ინფორმაცია
ფიქსირებული სიგრძის საკონტროლო ველი 181216s1971||||ge |||||||||||||| ||geo||
040 ## - კატალოგიზაციის წყარო
Transcribing agency GE_BSU
041 ## - ენის კოდი
Language code of text/sound track or separate title geo
080 ## - უნივერსალური ათობითი კლასიფიკაციის ინდექსი
Universal Decimal Classification number 821.113.3-1 უ-84
245 ## - ცნობა სათაურის შესახებ
Title უფროსი ედა :
Remainder of title ძველი ისლანდიური სიმღერები ღმერთებსა და გმირებზე /
Statement of responsibility, etc გერმ. თარგმნა და კომენტარები დაურთო გ. კალანდაძემ ; რედაქცია და შესავალი წერილი დ. ლაშქარაძისა ; რედ. ე. ბეწუკელი.
264 ## - წარმოების, გამოცემის, დისტრიბუციის და სხვა ცნობები
გამოცემის, წარმოების, დისტრიბუციის... ადგილი თბილისი :
გამოცემის, წარმოების, დისტრიბუციის... სახელწოდება საბჭ. საქართველო,
გამოცემის, წარმოების, დისტრიბუციის... თარიღი 1971.
300 ## - ფიზიკური აღწერა
Extent 319 გვ. ;
Dimensions 22 სმ.
653 ## - INDEX TERM--UNCONTROLLED
Uncontrolled term უფროსი ედა
653 ## - INDEX TERM--UNCONTROLLED
Uncontrolled term ძველი ისლანდიური სიმღერები ღმერთებსა და გმირებზე
700 ## - ADDED ENTRY--PERSONAL NAME
Personal name კალანდაძე, გ.
Relator term მთარგმნელი
9 (RLIN) 19258
700 ## - ADDED ENTRY--PERSONAL NAME
Personal name ლაშქარაძე, დ.
Relator term რედაქტორი
9 (RLIN) 14588
700 ## - ADDED ENTRY--PERSONAL NAME
Personal name ბეწუკელი, ე.
Relator term რედაქტორი
9 (RLIN) 19259
942 ## - ADDED ENTRY ELEMENTS (KOHA)
Koha item type წიგნი
Source of classification or shelving scheme
ეგზემპლარები
ჩამოწერის სტატუსი დაკარგული ეგზემპლარის სტატუსი კლასიფიკაციის წყარო ან თაროზე გაწყობის სქემა დაზიანების სტატუსი არ გაიცემა მუდმივი მდებარეობა (დაცვის ადგილი) ამჟამინდელი ადგილსამყოფელი თაროზე განთავსების ადგილი შეძენის თარიღი ღირებულება, შესყიდვის ნორმალური ფასი სრული შენახვის შიფრი შტრიხკოდი ბოლო ოპერაციის თარიღი ეგზემპლარის მიმდევრობითი ნომერი (კეტერი?) ფასის ძალაში შესვლის თარიღი ეგზემპლარის სახეობა საჯარო შენიშვნა
          ბათუმის შოთა რუსთაველის სახელმწიფო უნივერსიტეტის მთავარი ბიბლიოთეკა ბათუმის შოთა რუსთაველის სახელმწიფო უნივერსიტეტის მთავარი ბიბლიოთეკა წიგნსაცავი 2018-12-17 4.58 821.113.3-1 უ-84 58545 2018-12-17 58545 2018-12-17 წიგნი 4.58 ₾.